Thơ văn Nguyễn ái Quốc - Hồ Chí Minh trong nghiên cứu phê bình Tình hình tư liệu, hướng tiếp cận, những vấn đề

Giới thiệu các công trình sưu tầm, công bố về thơ văn Nguyễn Ai Quốc - Hồ Chí Minh, các công trình nghiên cứu phê bình đề cập đến quan điểm văn nghệ, văn xuôi, thơ của Hồ chí Minh và các vấn đề được đặt ra qua các công trình đó

Enregistré dans:
Détails bibliographiques
Auteur principal: Nguyễn Xuân Lạn
Format: Livre
Langue:Vietnamese
Publié: H. Đại học Quốc gia Hà Nội 2001
Édition:In lần thứ ba
Sujets:
Tags: Ajouter un tag
Pas de tags, Soyez le premier à ajouter un tag!
Thư viện lưu trữ: Mạng thư viện Đại học Đà Nẵng
LEADER 01684nam a22004098a 4500
001 000007498
003 3660
005 20111005081044.0
008 111005s2001 b 000 0 od
020 |c 18700đ  |d 1000b 
041 0 |a 0001 
041 0 |a vie 
080 |a 8(V2) 
082 |a 895.92208  |b NG-L 
084 |a V5(1)7-8  |b TH460V 
100 1 |a Nguyễn Xuân Lạn 
245 1 0 |a Thơ văn Nguyễn ái Quốc - Hồ Chí Minh trong nghiên cứu phê bình  |b Tình hình tư liệu, hướng tiếp cận, những vấn đề  |c Nguyễn Xuân Lạn 
250 |a In lần thứ ba 
260 |a H.  |b Đại học Quốc gia Hà Nội  |c 2001 
300 |a 231tr  |c 21cm 
500 |a Thư mục: 198-210. - Phụ lục: 210-231 
520 |a Giới thiệu các công trình sưu tầm, công bố về thơ văn Nguyễn Ai Quốc - Hồ Chí Minh, các công trình nghiên cứu phê bình đề cập đến quan điểm văn nghệ, văn xuôi, thơ của Hồ chí Minh và các vấn đề được đặt ra qua các công trình đó 
653 |a Hồ Chí Minh 
653 |a Văn xuôi 
653 |a Thơ 
653 |a Nghiên cứu văn học 
910 |a Huỳnh Thị Cẩm Lai  |d 05/10/2011 
OWN |a LSP 
AVA |a UDN50  |b LSP  |d 895.92208 NG-L  |e available  |t Error 5001 Not defined in file expand_doc_bib_avail.  |f 5  |g 0  |h N  |i 0  |k 1 
999 |a From the UDN01 
AVA |a UDN50  |b LSP  |d 895.92208 NG-L  |e available  |t Error 5001 Not defined in file expand_doc_bib_avail.  |f 5  |g 0  |h N  |i 0  |k 1 
TYP |a Monograph 
TYP |a Printed language 
980 |a Mạng thư viện Đại học Đà Nẵng